• 首页
  • 本馆介绍
  • 公告通知
  • 最新文献
  • 馆藏检索
  • 电子资源
  • 读者导购
  • 参考咨询
  • 我的图书馆
  • 登录
  • 详细信息显示
  • 放入我的书架
  • 预约/预借图书
  • 作者相关作品
  • 分类相关作品
  • 丛书相关作品
  • 出版社相关作品

书目信息

  • 表格格式
  • 工作单格式
  • 卡片格式
题名:
诗学
    
 
作者: Aristoteles , 亚里士多德 著 ;天蓝 译注
分册:  
出版信息: 上海   新文艺出版社  1953
页数: 98页
开本: 20cm
丛书名:
单 册:
中图分类: I052
科图分类:
主题词: 创作方法--各体 , 文学理论--各体
电子资源:
ISBN:
000 00732nam0 2200253 45
001 0197103656
005 20060808085146.48
010    @dCNY0.37
100    @a19960827d1953 y0chiy0121 ea
101 1  @achi@cgre
102    @aCN
102    @aCN@b310000
105    @ay z 001yy
200 10 @a诗学@ASHI XUE@f(古希腊)亚里士多德(Aristoteles)著@F( GU XI LA ) YA LI SHI DUO DE (Aristoteles) ZHU@g天蓝译注@Gtian lan yi zhu
210    @a上海@c新文艺出版社@d1953
215    @a98页@d20cm
606 0  @a创作方法@x各体
606 0  @a文学理论@x各体
690    @aI052
701 A1 @aAristoteles@4著
701  1 @a亚里士多德@AYA LI SHI DUO DE@4著
702  0 @a天蓝@Atian lan@4译注
801  0 @aCN@bNLC@c20060808
905    @dI052@e144
    
    诗学/(古希腊)亚里士多德(Aristoteles)著/天蓝译注.-上海:新文艺出版社,1953
    98页;20cm
    
    
    ISBN :CNY0.37
    
●
相关链接 在E读中查询图书 在五车中查询图书 在当当中查询图书 在豆瓣中查询图书


正题名:诗学     索取号:I052/144         预约/预借

序号 登录号 条形码 馆藏地/架位号 状态 备注
1 0444942   204449427   密集书库/ [索取号:I052/144] 在馆    
唐山师范学院图书馆 欢迎您!
大连网信软件有限公司© 版权所有